CONCEPT OF MODERN PHYSICS (Record no. 1198)

MARC details
000 -LEADER
fixed length control field 00419nam a22001697a 4500
005 - DATE AND TIME OF LATEST TRANSACTION
control field 20241023104428.0
008 - FIXED-LENGTH DATA ELEMENTS--GENERAL INFORMATION
fixed length control field 160520b xxu||||| |||| 00| 0 eng d
020 ## - INTERNATIONAL STANDARD BOOK NUMBER
ISBN 978-0-07015155-0
041 ## - LANGUAGE CODE
Language code of text/sound track or separate title eng
082 ## - DEWEY DECIMAL CLASSIFICATION NUMBER
Item number 3501
100 ## - MAIN ENTRY--AUTHOR NAME
Personal name Beiser, A, Mahajans & Choudhary S.K.
245 ## - TITLE STATEMENT
Title CONCEPT OF MODERN PHYSICS
260 ## - PUBLICATION, DISTRIBUTION, ETC. (IMPRINT)
Name of publisher Mc Graw Hill
300 ## - PHYSICAL DESCRIPTION
Number of Pages 523
650 ## - SUBJECT ADDED ENTRY--TOPICAL TERM
Topical Term DIPLOMA ENGINEERING
942 ## - ADDED ENTRY ELEMENTS (KOHA)
Koha item type Books
Holdings
Lost status Damaged status Collection code Home library Current library Shelving location Date acquired Cost, normal purchase price Full call number Accession Number Koha item type
    MANAGEMENT JRU Library JRU Library SHELF-51-E 20/05/2016 520.00 3501 3501 Books
    CS/IT JRU Library JRU Library SHELF-56-C 20/05/2016 520.00 3501 3502 Books